Netflix TV shows #1 - Statistics

General Stats
  • This quiz has been taken 2,662 times
  • The average score is 11 of 15
Answer Stats
Hint Answer % Correct
Never Have I ever
94%
Cobra Kai
92%
Vampire Diaries
91%
Stranger Things
91%
Ginny and Georgia
88%
Jane the Virgin
86%
One Day At a time
83%
Gilmore Girls
78%
River Dale
70%
Super Girl
65%
The Good Place
61%
The Fl ash
55%
Kim's Convenience
51%
Raising Dion
50%
A typical
43%
No matching quizzes found
Score Distribution
Percent of People with Each Score
Percentile by Number Answered
Your Score History
You have not taken this quiz